| 000 | 00596nam a22002177a 4500 | ||
|---|---|---|---|
| 003 | OSt | ||
| 005 | 20150218142354.0 | ||
| 008 | 830806|1979 ||| 000 0 spa | ||
| 010 | _a 83182995 | ||
| 040 | _cBMC | ||
| 082 | _a972.85 | ||
| 082 | _a923 | ||
| 100 | 1 |
_aBorgen, José Francisco _930577 |
|
| 245 | 1 | 4 |
_aUna vida a la orilla de la historia _b: memorias _cJosé Francisco Borgen |
| 250 | _a1ª ed | ||
| 260 |
_aManagua _bDilesa _c1979 |
||
| 300 |
_a213 p. _c21 cm |
||
| 600 | 2 | 4 |
_930574 _aBorgen, José Francisco _xMemorias |
| 651 | 2 | 4 |
_93528 _aNicaragua _xHistoria |
| 942 |
_2ddc _cBK |
||
| 999 |
_c17593 _d17593 |
||